01676nam a22002297a 450000500170000000800410001702000180005804000070007604100120008308200140009510000240010924500820013326000640021530000260027936500560030552008520036165000360121370000320124994200120128199900190129395201340131220260128090448.0260127b |||||||| |||| 00| 0 eng d a9789364446310 cAL aEnglish a327bKUMI aAshok Kumar9252866 aInternational relationsb: For civil services and state services examinations aChennaibMcGraw Hill Education(India) Private Limitedc2026 a325 p.bPBc24x18 cm. aBLR8-8258085b₹299.10c₹d₹299.10f15-01-2026 aThis book is a definitive guide for UPSC aspirants, offering up-to-date coverage of India’s foreign policy, global affairs, and international developments. It provides deep insights into India’s relations with China, the US, Pakistan, Turkey, Russia, other countries. It also includes thorough analysis of critical issues such as the Pahalgam attack, the Indus Water Treaty, and the future trajectory of India-Pakistan ties. The book also covers major global events, including the 17th BRICS Summit, the 51st G7 Summit, and the G20 under South Africa’s 2025 presidency. Key updates on India’s diaspora policy—including rising visa restrictions and other developments affecting Indian migrants—are explored, along with significant developments in international organizations such as the UN, IMF, WTO, NATO, WHO, and the EU (2024–2025) aInternational relations9252863 aMohan, Rajesh Kumar9252864 2ddccBK c240824d240824 00102ddc40708MANaALbALcSKd2026-01-21eamazon.ing299.10l0o327 KUMIp078060r2026-01-27 16:52:40v299.10w2026-01-15yBK